000 00291nam a22001337a 4500
008 170508b xxu||||| |||| 00| 0 eng d
020 _a9780840033932
041 _aeng
080 _27TH
_a34
100 _a15
101 _aSHJ
245 _aGROUP COUNSELING
_cJACOBS, E.E
942 _2udc
_cBK
999 _c12978
_d12978